LEADER 01093cam0 22002771 450 001 SOBE00022663 005 20190924103815.0 100 $a20120220d1922 |||||ita|0103 ba 101 $aita 102 $aIT 200 1 $aScritti scelti$fLorenzo de' Medici Il Magnifico$gintroduzione e note di Egidio Bellorini 210 $aTorino$cUnione tipografico-editrice torinese$d1922 215 $a268 p., 2 p. di tav.$cill., ritr.$d18 cm 225 2 $aCollezione di classici italiani con note$v41 410 1$1001LAEC00020637$12001 $a*Collezione di classici italiani con note$v41 700 1$aMedici$b, Lorenzo $3AF00014792$4070$0151811 702 1$aBellorini, Egidio$3A600200027901$4070 801 0$aIT$bUNISOB$c20190924$gRICA 850 $aUNISOB 852 $aUNISOB$j850|Coll|30|K$m74315 912 $aSOBE00022663 940 $aM 102 Monografia moderna SBN 941 $aM 957 $a850|Coll|30|K$b000049$gSI$d74315$racquisto$tN$1vittorini$2UNISOB$3UNISOB$420120220125547.0$520120502133622.0$6bethb 996 $aScritti scelti$9142641 997 $aUNISOB